1674 1472 1682 1760 1342 1029 1049 1423 1644 1529 1062 1221 1813 1507 1154 1116 1691 1009 1167 1977 1637 1734 1257 1615 1870 1854 1764 1530 1427 1405 1417 1411 1110 1480 1189 1788 1464 1512 1678 1622 1270 1479 1551 1611 1046 1560 1539 1571 1391 1928 1509 1406 1236 1693 1044 1461 1791 1349 1950 1319 1977 1459 1851 1164 1082 1822 1807 1563 1146 1956 1571 1506 1356 1702 1815 1301 1902 1306 1792 1994 1562 1464 1044 1410 1283 1382 1783 1215 1743 1444 1939 1348 1507 1592 1124 1171 1402 1053 1663 BCNSPRNW ULIB Ver.6.0+V

เปลี่ยนเป็นภาษาไทย

Change to English
 แสดงรายละเอียดบรรณานุกรม
  กลับหน้าหลัก

Brief Record : Get Marc (ISO 2709) : E-mail record : QR code < ปิดหน้าต่าง
LEADER : 00000nam 2200000uu 4500
001    13399109973
003     ULIB
008    110419s2546||||th 000 0 tha d
020    9741322275
060 04 WS350^bอ428จ 2546
100 0  อลิสา วัชรสินธุ
245 10 จิตเวชเด็ก /^cอลิสา วัชรสินธุ
260    กรุงเทพฯ :^bแห่งจุฬาลงกรณ์มหาวิทยาลัย,^c2546
300    [15], 250 หน้า ;^c21 ซม.
650  7 จิตเวชศาสตร์เด็ก
650  7 จิตเวชเด็ก^xในวัยทารกและวัยเด็ก
710  2 จุฬาลงกรณ์มหาวิทยาลัย
945    ^p120^l0^i016419
945    ^p120^l0^i016418
945    ^p120^l0^i016417
995    เกษร
999 ^a ใช้งานได้ทุกระบบ
รายการนี้ยังไม่มีแท็ก
คุณยังไม่ได้ล็อกอิน คุณสามารถมีกิจกรรมร่วมกับเว็บไซต์ได้ แต่ต้องล็อกอินก่อน ::
  ล็อกอิน

รายการสื่อสารสนเทศ

ลำดับที่ ประเภท เลขเรียก/บาร์โค้ด สถานที่ สถานะ
1. วิทยาศาสตร์การแพทย์ และสุขภาพ
วิทยาศาสตร์การแพทย์ และสุขภาพ
WS350 อ428จ 2546 ฉ.2 
  Barcode: 016418
ห้องสมุดวิทยาเขตสวรรค์ประชารักษ์
►ส่วนจัดเก็บหนังสือเก่า สปร
บนชั้น
  ขอยืม

รายการใกล้เคียง
    ผู้แต่ง [อลิสา วัชรสินธุ]

    หัวเรื่อง [จิตเวชศาสตร์เด็ก]

BibComment


ยังไม่เคยถูกคอมเมนท์

คอมเมนท์ทรัพยากรรายการนี้
  คอมเมนท์: จิตเวชเด็ก อลิสา..


 Copyright 2026. Bcnsprnw @Library